Score 0/15 Timer 02:00
0 Plays Today
Question Answer Wrong Answers
Harry Potter Harry Potter and the Triwizard Tournament
93.9%
Harry Potter and the Order of the Phoenix
0.5%
Harry Potter and the Goblet of Fire
0.4%
Harry Potter and the Prisoner of Azkaban
0.5%
Twilight Midnight
86.7%
New Moon
2.3%
Eclipse
3.3%
Breaking Dawn
2.6%
Robert Langdon Monastery
75.8%
Inferno
5.9%
The Da Vinci Code
5.5%
The Lost Symbol
7.2%
The Chronicles of Narnia Sword in the Sand
71.6%
The Last Battle
9.1%
The Magician's Nephew
13.2%
The Lion, the Witch and the Wardrobe
1.1%
A Song of Ice and Fire A Battle of Beasts
69.2%
A Game of Thrones
8.6%
A Clash of Kings
7.3%
A Dance With Dragons
9.4%
The Hitchhiker's Guide to the Galaxy Infinite Majesty and Calm
66.2%
The Restaurant at the End of the Universe
7.8%
Life, the Universe and Everything
6.3%
So Long, and Thanks for All the Fish
13.5%
A Series of Unfortunate Events The Spectacular Spa
60%
The Grim Grotto
12.6%
The Austere Academy
10.5%
The Wide Window
11.1%
His Dark Materials The Armored Bear
55.7%
The Golden Compass
6.9%
The Subtle Knife
25%
The Amber Spyglass
6.2%
Inheritance Cycle Empire
47.8%
Eragon
9.2%
Eldest
13.5%
Brisingr
23.4%
Sherlock Holmes The Abbot Moors
40.3%
A Study in Scarlet
8%
The Hound of the Baskervilles
3.9%
The Valley of Fear
42.3%
Jack Reacher The Mole
38.6%
Worth Dying For
20%
Without Fail
14.6%
Persuader
19.9%
Goosebumps The Nightmare in Your Dreams
36.5%
Welcome to Dead House
18%
Say Cheese and Die!
23.3%
The Girl Who Cried Monster
16.1%
Magic Tree House Brunch with Babylonians
31.4%
Night of the Ninjas
17.3%
Lions at Lunchtime
12.9%
Tonight on the Titanic
31.8%
The Dark Tower In the Dungeon
28.9%
The Gunslinger
23.9%
Wizard and Glass
17.4%
The Wind Through the Keyhole
23%
Outlander Caught in the Hourglass
27.5%
Dragonfly in Amber
20.4%
The Fiery Cross
22.2%
An Echo in the Bone
22.7%

You're not logged in!

Compare scores with friends on all Sporcle quizzes.
OR
Log In

Sporcle TV

Today on Sporcle TV


Watch our educational content, quiz creation guides, and fun videos on Sporcle TV.

Show Comments

Extras

Top Quizzes Today


Score Distribution

Paid Content

Your Account Isn't Verified!

In order to create a playlist on Sporcle, you need to verify the email address you used during registration. Go to your Sporcle Settings to finish the process.

Report this User

Report this user for behavior that violates our Community Guidelines.

Details: